000 00600nam a2200169Ia 4500
008 090711s9999 xx 000 0 und d
082 _b78748
100 _aमालवी वनराज
245 _aजीवनसाथीSाी निवड
260 _bसेल्फ डेव्हलपमेंट पब्लिकेशन
_c1996
300 _a100
600 _aमालवी वनराज
630 _aजीवनसाथीSाी निवड
700 _aमालवी वनराज
730 _aजीवनसाथीSाी निवड
942 _cBOOK
999 _c290694
_d290694